Introducción al budismo Zen (Record no. 24333)

MARC details
000 -LEADER
campo de control de longitud fija 00540nam a2200181 i 4500
001 - NÚMERO DE CONTROL
campo de control 24333
003 - IDENTIFICADOR DE NÚMERO DE CONTROL
campo de control ES-MaACL
005 - FECHA Y HORA DE LA ÚLTIMA TRANSACCIÓN
campo de control 20230906153029.0
007 - CAMPO FIJO DE DESCRIPCIÓN FÍSICA--INFORMACIÓN GENERAL
campo de control de longitud fija t|
008 - DATOS DE LONGITUD FIJA--INFORMACIÓN GENERAL
campo de control de longitud fija 021217s1972 sp ||||1| spa d
100 1# - ENTRADA PRINCIPAL--NOMBRE DE PERSONA
Nombre de persona Antolín Rato, Mariano.
9 (RLIN) 21923
245 10 - MENCIÓN DEL TÍTULO
Título Introducción al budismo Zen
Resto del título : enseñanzas y textos /
Mención de responsabilidad, etc. Mariano Antolín Rato, Alfredo Embid.
250 ## - MENCION DE EDICION
Mención de edición [1ª ed.].
260 ## - PUBLICACIÓN, DISTRIBUCIÓN, ETC.
Lugar de publicación, distribución, etc. Barcelona :
Nombre del editor, distribuidor, etc. Barral,
Fecha de publicación, distribución, etc. 1972.
300 ## - DESCRIPCIÓN FÍSICA
Extensión 205 p. ;
Dimensiones 19 cm.
700 1# - ENTRADA AGREGADA--NOMBRE PERSONAL
Nombre de persona Embid, Alfredo.
9 (RLIN) 47137
852 ## - LOCALIZACIÓN
Ubicación ES-MaACL
Número de control de estantería C-52191
Sublocalización o colección R.83461
Holdings
Estatus retirado Estado de pérdida Estado de daño No para préstamo Biblioteca de origen Biblioteca actual Ubicación en estantería Fecha de adquisición Fuente de adquisición Total de préstamos Signatura topográfica completa Código de barras Visto por última vez Precio de reemplazo Tipo de ítem Koha
        Biblioteca del Ateneo de Madrid Biblioteca del Ateneo de Madrid Depósito 2 17/01/2008     C-52191 1025089 23/02/2023 23/02/2023 Libro impreso